| 000 | 00602nam a22001817a 4500 | ||
|---|---|---|---|
| 005 | 20090211145627.0 | ||
| 008 | 090211t xxu||||| |||| 00| 0 eng d | ||
| 022 | _a0277-092X | ||
| 245 | _aInternational Yoga Guide | ||
| 260 |
_aFlorida _bYoga Research Foundation _c2008- |
||
| 260 |
_aGhaziabad _bInternational Yoga Mishra _c2008- |
||
| 300 |
_av. _c28 cm |
||
| 310 | _amonthly | ||
| 270 |
_aLal Bagh Loni _bGhaziabad _k0120-23600237 _miys@vsnl.com |
||
| 365 | _bRs. 200.00 per annum | ||
| 942 |
_2ddc _cSR _s1 |
||
| 999 |
_c23500 _d23500 |
||